AC/DC songs Sudden death - Statistics

General Stats
  • This quiz has been taken 534 times
  • The average score is 9 of 15
Answers on the Grid
Answers color-coded by a green-red scale on the quiz's grid according to % correct below.
Back In Black
Enter Sandman
Once Bitten (Twice Shy)
Let There Be Rock
Jailbreak
Rock of Ages
Thunderstruck
And The Cradle Will Rock
T.N.T.
Nightrain
Who Are You
Hells Bells
Cheap Sunglasses
Highway to Hell
Hard To Handle
Who Made Who
Black Dog
Shoot to Thrill
Best Of Both Worlds
Moneytalks
Cold Shot
Purple Haze
For Those About to Rock
Whole Lotta Love
Girls Got Rhythm
Love Her Madly
Rock and Roll Ain't Noise Pollution
Come on Feel The Noize
Have a Drink On Me
It's A Long Way to The Top(If You Wanna Rock'N'Roll)
 
Answer Stats
Answer % Correct
Back In Black
97%
T.N.T.
86%
Thunderstruck
81%
Highway to Hell
76%
Hells Bells
70%
Let There Be Rock
60%
Shoot to Thrill
59%
It's A Long Way to The Top(If You Wanna Rock'N'Roll)
56%
For Those About to Rock
49%
Rock and Roll Ain't Noise Pollution
48%
Jailbreak
46%
Moneytalks
44%
Who Made Who
44%
Girls Got Rhythm
38%
Have a Drink On Me
36%
No matching quizzes found
Score Distribution
Percent of People with Each Score
Percentile by Number Answered
Your Score History
You have not taken this quiz